Contrôle de la qualité des céréales et protéagineux: Gui pratique
Đã lưu trong:
| 格式: | 图书 |
|---|---|
| 语言: | Undetermined |
| 出版: |
Paris
ITCF
2001
|
| 主题: | |
| 标签: |
添加标签
没有标签, 成为第一个标记此记录!
|
| Thư viện lưu trữ: | Trung tâm Học liệu Trường Đại học Cần Thơ |
|---|
| LEADER | 00451nam a2200157Ia 4500 | ||
|---|---|---|---|
| 001 | CTU_56408 | ||
| 008 | 210402s9999 xx 000 0 und d | ||
| 082 | |a 633.1 | ||
| 082 | |b C764 | ||
| 245 | 0 | |a Contrôle de la qualité des céréales et protéagineux: Gui pratique | |
| 260 | |a Paris | ||
| 260 | |b ITCF | ||
| 260 | |c 2001 | ||
| 650 | |a cereals,agriculture | ||
| 650 | |x quality control | ||
| 980 | |a Trung tâm Học liệu Trường Đại học Cần Thơ | ||